Model making

Bibliographic Details
Main Author: Maxwell, Colin
Format: Book
Published: London : Franklin Watts , 1991
Series:Fresh Start
Subjects:

MARC

LEADER 00000cam a2200000 7i4500
001 0000005520
002 000005968
005 20000330.0
020 |a 074960476X 
090 0 0 |a J 745.5   |b FRE 
100 1 |a Maxwell, Colin 
245 1 0 |a Model making   |c Colin Maxwell 
260 |a London :   |b Franklin Watts ,   |c 1991 
300 |a 48p ;   |c 25cm. 
490 0 |a Fresh Start 
650 0 0 |a Model making   |x Handicraft   |x Juvenile literature 
999 |a 027175   |b BUKU   |c PINJAMAN   |e PERPUSTAKAAN KOMUNITI PETALING JAYA